000 00488nam a2200181Ia 4500
005 20250508150740.0
008 008 250505s9999 xx 000 0 eng d
037 _aTextual
040 _aFEDL
_beng
_cFEDL
041 _aeng
_2eng
084 _a954.02, SHA
_qFEDL
100 _aSharma S R
245 0 _aMughal empire in India
260 _aChira, China
_bKarnatak Publishing House
_c1941
300 _a892p.
942 _cTEXL
_h954.02, SHA
999 _c1325431
_d1325431